000
00298nam a2200121Ia 4500
005
20251222144714.0
008
251222s9999||||xx |||||||||||||| ||spa||
020
_a
84-922660-0-7
082
_a
236.4/O24
245
0
_a
María y la Nueva Evangelización
264
_b
Cruzados de María
942
_c
LIB
999
_c
17927
_d
17927